[Event "Masdenverge op 6th"]
[Site "Masdenverge"]
[Date "2017.06.30"]
[Round "1"]
[White "Molano Lafuente, Ismael"]
[Black "Canetti Ramon, Isaac"]
[Result "1-0"]
[WhiteElo "2005"]
[BlackElo "1463"]
[PlyCount "89"]
[EventDate "2017.06.30"]
[EventType "swiss"]
[EventRounds "7"]
[EventCountry "ESP"]
[SourceTitle "EXT 2019"]
[Source "ChessBase"]
[SourceDate "2018.10.10"]
[SourceVersion "1"]
[SourceVersionDate "2018.10.10"]
[SourceQuality "1"]

1. f4 d5 2. Nf3 Nc6 3. e3 Nf6 4. b3 Bf5 5. Bb2 e6 6. Bb5 a6 7. Bxc6+ bxc6 8. Nd4 Qd7 9. Nxf5 exf5 10. Bxf6 gxf6 11. Qe2 c5 12. Nc3 Be7 13. 0-0 Qd6 14. Qd3 d4 15. Na4 dxe3 16. Qxe3 Qd4 17. Rae1 Qxe3+ 18. Rxe3 Kf8 19. Rff3 Rd8 20. Rd3 Rxd3 21. Rxd3 Bd6 22. g3 h5 23. h4 Rg8 24. Kf2 Ke7 25. Rc3 Rd8 26. d3 Rb8 27. Nxc5 Rb5 28. Na4 Kd7 29. Rc4 a5 30. Nc3 Rb4 31. d4 Rxc4 32. bxc4 c5 33. d5 Kc7 34. Nb5+ Kd7 35. Nxd6 Kxd6 36. Ke2 Kc7 37. Kd3 Kb6 38. Kc3 Kc7 39. Kb3 Kb7 40. Ka4 Kb6 41. d6 Kc6 42. Kxa5 Kxd6 43. Kb6 Kd7 44. Kb7 Kd6 45. a4 1-0